header

Our coquettes (Record no. 130685)

MARC details
000 -LEADER
fixed length control field 02385nam a2200469 a 4500
082 04 - DEWEY DECIMAL CLASSIFICATION NUMBER
Classification number 820.9/353
100 1# - MAIN ENTRY--AUTHOR NAME
Personal name Braunschneider, Theresa,
245 10 - TITLE STATEMENT
Title Our coquettes
260 ## - PUBLICATION, DISTRIBUTION, ETC. (IMPRINT)
Place of publication Charlottesville :
Name of publisher University of Virginia Press,
Year of publication 2009.
300 ## - PHYSICAL DESCRIPTION
Number of Pages ix, 189 p.
490 0# - SERIES STATEMENT
Series statement Winner of the Walker Cowen Memorial Prize for an outstanding work of scholarship in eighteenth-century studies
500 ## - GENERAL NOTE
General note "Winner of the Walker Cowen Memorial Prize for an outstanding work of scholarship in eighteenth-century studies"--P. facing t.p.
505 0# - FORMATTED CONTENTS NOTE
Formatted contents note A prelude: the novelty of coquetry -- The people that things make: coquettes and consumer culture -- The coquette here and there: a cartography of coquetry -- Women who choose too much: reforming the coquette -- A postlude: the coquette's demise.
650 #0 - SUBJECT ADDED ENTRY--TOPICAL TERM
Topical Term English literature
Topical Term Young women in literature.
Topical Term Flirting in literature.
Topical Term Social interaction in literature.
Topical Term Man-woman relationships in literature.
Topical Term Consumption (Economics) in literature.
Topical Term Consumption (Economics)
Topical Term Young women
Topical Term Literature and society
856 40 - ELECTRONIC LOCATION AND ACCESS
Uniform Resource Identifier http://site.ebrary.com/lib/rucke/Doc?id=10495610

No items available.

© 2026 Rongo University
Contact us: librarian | system librarian | Rongo university